Dead Space Chapters - Statistics

General Stats
  • This quiz has been taken 27 times
  • The average score is 5 of 12
Answer Stats
Number Chapter % Correct
1 New Arrivals
92%
12 Dead Space
83%
9 Dead On Arrival
50%
2 Intensive Care
50%
11 Alternate Solutions
42%
5 Lethal Devotion
42%
4 Obliteration Imminent
42%
10 End Of Days
33%
7 Into The Void
33%
6 Environmental Hazard
25%
8 Search And Rescue
25%
3 Course Correction
17%
No matching quizzes found
Score Distribution
Percent of People with Each Score
Percentile by Number Answered
Your Score History
You have not taken this quiz